000 00706nam a22001577a 4500
003 OSt
005 20150925104521.0
008 150925b xxu||||| |||| 00| 0 eng d
040 _cRUA
082 _aAGR PHA 2013 BO55 Or.1
100 _91312
_aPHAL, CHAMROUNE
245 _aStudy on people's pesticide use on rice production in angkor chey district, kampot province សិក្សាពីការប្រើប្រាស់ថ្នាំកសិកម្មលើផលិតកម្មដំណាំស្រូវរបស់ប្រជាជនក្នុងស្រុកអង្គរជ័យ.
260 _aPhnom Phen
_bRUA
_c2013
300 _aXII, 44p.
_bill.
_c29cm.
942 _2ddc
_cAGR
999 _c1237
_d1237